000 00752nam a2200253Ia 4500
003 OSt
005 20220928103926.0
006 a|||||r|||| 00| 0
007 ta
008 220927b |||||||| |||| 00| 0 hin d
020 _a9789390678037
_cINR 299.00
024 _a145818
037 _bGV334, 28/12/2021, Vani Prakashan
_cTextual
040 _aSDCL
_cSDCL
_bhin
041 _2hin
_ahin
082 _aO31,3N66, R1
100 _aMurugan Perumal
_9407603
245 0 _aPonna ki agnipareeksha
260 _aNew Delhi
_bVani Prakashan
_c2021
300 _a248p.
_ccm.
650 _aHindi Journalism
_9391577
942 _hO31,3N66, R1
_cTEXL
_2CC
999 _c723119
_d723119